Công nghệ sinh khối và công nghệ chuyển đổi nhiệt năng thành điện năng /
Đã lưu trong:
| Tác giả chính: | |
|---|---|
| Định dạng: | Sách giấy |
| Ngôn ngữ: | Vietnamese |
| Được phát hành: |
H. :
Bách khoa,
2018.
|
| Những chủ đề: | |
| Các nhãn: |
Thêm thẻ
Không có thẻ, Là người đầu tiên thẻ bản ghi này!
|
| Thư viện lưu trữ: | Thư viện Trường Đại học Đà Lạt |
|---|
| LEADER | 00985nam a2200337 4500 | ||
|---|---|---|---|
| 001 | DLU180185973 | ||
| 005 | ##20180723 | ||
| 020 | # | # | |a 9786049504495 |
| 040 | # | # | |a DLU |b vie |
| 041 | # | # | |a vie |
| 044 | # | # | |a vn |
| 082 | # | # | |a 662.88 |b LE-D |
| 100 | # | # | |a Lê Đức Dũng, |c TS. |
| 245 | # | # | |a Công nghệ sinh khối và công nghệ chuyển đổi nhiệt năng thành điện năng / |c Lê Đức Dũng. |
| 260 | # | # | |a H. : |b Bách khoa, |c 2018. |
| 300 | # | # | |a 187 tr. : |b minh họa; |c 27 cm. |
| 505 | # | # | |a Phần I. Công nghệ sinh khối -- Phần II. Công nghệ và thiết bị chuyển hóa từ nhiệt năng thành điện năng. |
| 650 | # | # | |a Chuyển hóa năng lượng. |
| 650 | # | # | |a Năng lượng sinh khối. |
| 923 | # | # | |a 02/2018 |
| 991 | # | # | |a SH |
| 992 | # | # | |a 9000 |
| 994 | # | # | |a DLU |
| 900 | # | # | |a True |
| 911 | # | # | |a Nguyễn Thanh Hương |
| 925 | # | # | |a G |
| 926 | # | # | |a A |
| 927 | # | # | |a SH |
| 980 | # | # | |a Thư viện Trường Đại học Đà Lạt |


